[Event "2021 FIDE Online Olympiad"]
[Site "Chess.com"]
[Date "2021.08.28"]
[Round "5.1"]
[White "Anquandah, Francis Eric"]
[Black "Zilleruelo Irizarry, Diego"]
[Result "0-1"]
[WhiteElo "2031"]
[BlackElo "2119"]
[PlyCount "130"]
[EventDate "2021.08.27"]
[EventType "team"]
[EventRounds "9"]
[SourceVersionDate "2018.05.14"]
[WhiteTeam "Ghana"]
[BlackTeam "Puerto Rico"]
[WhiteTeamCountry "GHA"]
[BlackTeamCountry "PUR"]

1. e4 c6 2. d4 d5 3. Nd2 dxe4 4. Nxe4 Bf5 5. Ng3 Bg6 6. N1e2 Nf6 7. Nf4 Nd5 8.
Nxg6 hxg6 9. c4 Nf6 10. Be3 e6 11. a3 Bd6 12. Qf3 Qa5+ 13. Bd2 Qc7 14. Bd3 Nbd7
15. O-O-O O-O-O 16. Kb1 Rh4 17. Bc3 e5 18. d5 cxd5 19. cxd5 Kb8 20. Bc2 Qb6 21.
Bd2 Rc8 22. h3 Qc5 23. Bb3 Qb6 24. Ka2 e4 25. Nxe4 Rxe4 26. Bc3 Rf4 27. Qd3 Nc5
28. Bd4 Rxd4 29. Qxd4 Qxb3+ 30. Kb1 Na4 31. Rd3 Qb5 32. Ka2 Nb6 33. Rhd1 Qxd5+
34. Qxd5 Nfxd5 35. Rxd5 Nxd5 36. Rxd5 Kc7 37. f3 Re8 38. Rd2 g5 39. Kb3 Re3+
40. Kc4 Bf4 41. Rc2 Kd6 42. Rd2+ Kc6 43. Rc2 Re8 44. Kb4+ Kb6 45. Kb3 Rd8 46.
Re2 Kc6 47. Kc3 f6 48. b4 b5 49. Re6+ Rd6 50. Re7 Be5+ 51. Kc2 Rd7 52. Re6+ Kd5
53. Re8 Rc7+ 54. Kd2 Kc4 55. Kc2 Bf4 56. Re4+ Kd5+ 57. Kd3 Be5 58. Kd2 Rc4 59.
Re2 Bf4+ 60. Kd3 Rd4+ 61. Kc3 Be5 62. Kc2 Kc4 63. Rf2 Rd3 64. g3 Rxa3 65. f4
Ra2+ 0-1

[Event "2021 FIDE Online Olympiad"]
[Site "Chess.com"]
[Date "2021.08.28"]
[Round "5.2"]
[White "Rodriguez Santiago, Jaime"]
[Black "Fomevor, Cephas Clinton"]
[Result "1-0"]
[WhiteElo "2037"]
[BlackElo "1550"]
[PlyCount "69"]
[EventDate "2021.08.27"]
[EventType "team"]
[EventRounds "9"]
[SourceVersionDate "2018.05.14"]
[WhiteTeam "Puerto Rico"]
[BlackTeam "Ghana"]
[WhiteTeamCountry "PUR"]
[BlackTeamCountry "GHA"]

1. c4 c6 2. d4 d5 3. Nc3 Nf6 4. Nf3 dxc4 5. a4 Bf5 6. Bg5 Nbd7 7. e3 e6 8. Bxc4
Be7 9. O-O O-O 10. Re1 Qb6 11. Qe2 Qc7 12. h3 h6 13. Bh4 Rfe8 14. e4 Bg6 15.
Bg3 Qc8 16. Rac1 Bb4 17. Bd3 c5 18. Bd6 a6 19. dxc5 Nxc5 20. Bxc5 Qxc5 21. Nd5
Qa5 22. Nxb4 Qxb4 23. Rc4 Qa5 24. Rec1 Red8 25. Qc2 Nd7 26. b4 Qb6 27. a5 Qa7
28. Rc7 Rab8 29. Qe2 Qa8 30. Qe3 b6 31. R1c6 Rbc8 32. axb6 Rxc7 33. bxc7 Rc8
34. Qc1 Qb7 35. Bxa6 1-0

[Event "2021 FIDE Online Olympiad"]
[Site "Chess.com"]
[Date "2021.08.28"]
[Round "5.3"]
[White "Ayiku, Angela Naa Amerley"]
[Black "Vazquez Maccarini, Danitza"]
[Result "0-1"]
[WhiteElo "1415"]
[BlackElo "2014"]
[PlyCount "104"]
[EventDate "2021.08.27"]
[EventType "team"]
[EventRounds "9"]
[SourceVersionDate "2018.05.14"]
[WhiteTeam "Ghana"]
[BlackTeam "Puerto Rico"]
[WhiteTeamCountry "GHA"]
[BlackTeamCountry "PUR"]

1. e4 e5 2. Nf3 Nc6 3. Bb5 a6 4. Bc4 b5 5. Bb3 Bc5 6. a3 Nf6 7. h3 Nxe4 8. Qe2
d5 9. O-O Qd6 10. d3 Nf6 11. Bg5 Be6 12. Re1 Nd7 13. Nc3 f6 14. Bd2 O-O 15. d4
Nxd4 16. Nxd4 Bxd4 17. Qf3 Nb6 18. Qd1 c5 19. Ne2 Bxb2 20. Rb1 Bxa3 21. Bc3 c4
22. Ba2 Bc5 23. Ba5 d4 24. Ra1 Bd5 25. Ng3 Qd7 26. Qd2 Bb7 27. Bxb6 Bxb6 28.
Qb4 a5 29. Qa3 Qc6 30. Qf3 Qxf3 31. gxf3 Bxf3 32. Rab1 Bc6 33. Nf5 Kh8 34. Ne7
Bd7 35. Nd5 Bc5 36. Nc7 Rac8 37. Nxb5 Bb4 38. Na7 Rc7 39. Ra1 Bxe1 40. Rxe1
Rxa7 41. Bxc4 Rc8 42. Bd3 a4 43. Ra1 a3 44. Kf1 f5 45. Ke1 e4 46. Be2 Rxc2 47.
Kd1 d3 48. Bf1 Rxf2 49. Ke1 Rb2 50. Kd1 a2 51. Kc1 Rf2 52. Bxd3 exd3 0-1

[Event "2021 FIDE Online Olympiad"]
[Site "Chess.com"]
[Date "2021.08.28"]
[Round "5.4"]
[White "Rivera Negron, Yanira"]
[Black "Barnor, Mary"]
[Result "1-0"]
[WhiteElo "1773"]
[BlackElo "1000"]
[PlyCount "107"]
[EventDate "2021.08.27"]
[EventType "team"]
[EventRounds "9"]
[SourceVersionDate "2018.05.14"]
[WhiteTeam "Puerto Rico"]
[BlackTeam "Ghana"]
[WhiteTeamCountry "PUR"]
[BlackTeamCountry "GHA"]

1. d4 d5 2. Nf3 Nc6 3. c3 Bf5 4. Bf4 e6 5. e3 Bd6 6. Bxd6 Qxd6 7. Bd3 Bg4 8.
Be2 Bxf3 9. Bxf3 Nge7 10. Nd2 O-O 11. O-O Nf5 12. e4 Nh4 13. e5 Nxe5 14. dxe5
Qxe5 15. g3 Nf5 16. Bg2 d4 17. Nf3 Qd5 18. Nxd4 Qc5 19. Nxf5 Qxf5 20. Qf3 Qxf3
21. Bxf3 Rad8 22. Rad1 c6 23. b3 a6 24. Kg2 g6 25. c4 b5 26. cxb5 cxb5 27. Bb7
Rxd1 28. Rxd1 a5 29. a4 bxa4 30. bxa4 Rb8 31. Bc6 Rb6 32. Bb5 Rb7 33. Rd8+ Kg7
34. Ra8 Rc7 35. Rxa5 Rc1 36. Ra7 Ra1 37. Be8 e5 38. Rxf7+ Kh6 39. Re7 Re1 40.
Bb5 e4 41. a5 Kg5 42. Rxh7 e3 43. fxe3 Rxe3 44. a6 Kg4 45. Bd7+ Kg5 46. h4+ Kf6
47. Bb5 Ra3 48. a7 Ra5 49. Bc4 Ke5 50. Bd3 Kd4 51. Bxg6 Kc5 52. Be4 Kb6 53.
a8=Q Rxa8 54. Bxa8 1-0

[Event "2021 FIDE Online Olympiad"]
[Site "Chess.com"]
[Date "2021.08.28"]
[Round "5.5"]
[White "Acheampong, Dave Quansah Chief"]
[Black "Mejias Nunez, Rafael E."]
[Result "0-1"]
[WhiteElo "1375"]
[BlackElo "1657"]
[PlyCount "62"]
[EventDate "2021.08.27"]
[EventType "team"]
[EventRounds "9"]
[SourceVersionDate "2018.05.14"]
[WhiteTeam "Ghana"]
[BlackTeam "Puerto Rico"]
[WhiteTeamCountry "GHA"]
[BlackTeamCountry "PUR"]

1. e4 c5 2. d4 cxd4 3. c3 d3 4. Bxd3 Nc6 5. Nf3 g6 6. O-O Bg7 7. Bc4 Nf6 8. Re1
d6 9. Bf4 O-O 10. Nbd2 a6 11. a4 Bg4 12. h3 Bxf3 13. Nxf3 Qc7 14. Qe2 Ne5 15.
Nxe5 dxe5 16. Bg3 Rac8 17. Ba2 Rfd8 18. Rad1 Nh5 19. Bh2 Rxd1 20. Rxd1 Rd8 21.
Rxd8+ Qxd8 22. f3 e6 23. b4 Nf4 24. Bxf4 exf4 25. c4 Qb6+ 26. Kh1 Qxb4 27. Qc2
Qe1+ 28. Kh2 Bd4 29. Qb1 Qf2 30. a5 Qd2 31. h4 Qf2 0-1

[Event "2021 FIDE Online Olympiad"]
[Site "Chess.com"]
[Date "2021.08.28"]
[Round "5.6"]
[White "Alvarado Perez, Coralys M."]
[Black "Benson, Maud"]
[Result "1-0"]
[WhiteElo "1529"]
[BlackElo "1432"]
[PlyCount "71"]
[EventDate "2021.08.27"]
[EventType "team"]
[EventRounds "9"]
[SourceVersionDate "2018.05.14"]
[WhiteTeam "Puerto Rico"]
[BlackTeam "Ghana"]
[WhiteTeamCountry "PUR"]
[BlackTeamCountry "GHA"]

1. e4 c5 2. g3 d6 3. Bg2 Nc6 4. Ne2 Nf6 5. c3 e6 6. d4 cxd4 7. cxd4 Be7 8. O-O
O-O 9. Nbc3 a6 10. h3 Qc7 11. Be3 b5 12. Rc1 Bb7 13. a3 Rac8 14. Qd2 Qd7 15. f4
Na5 16. Rcd1 Nc4 17. Qc1 d5 18. e5 Ne4 19. Nxe4 dxe4 20. Nc3 b4 21. axb4 Bxb4
22. Nxe4 Nd2 23. Nc5 Bxc5 24. dxc5 Bxg2 25. Rxd2 Bd5 26. b4 Qb5 27. Qb1 f5 28.
g4 g6 29. gxf5 gxf5 30. Kh2 Kh8 31. Bf2 Rcd8 32. Bh4 Be4 33. Bf6+ Kg8 34. Rg1+
Kf7 35. Rg7+ Ke8 36. Rxd8# 1-0

[Event "2021 FIDE Online Olympiad"]
[Site "Chess.com"]
[Date "2021.08.28"]
[Round "5.2"]
[White "Edwards, Emar"]
[Black "Lacayo, Rene"]
[Result "0-1"]
[WhiteElo "1455"]
[BlackElo "2260"]
[PlyCount "86"]
[EventDate "2021.08.27"]
[EventType "team"]
[EventRounds "9"]
[SourceVersionDate "2018.05.14"]
[WhiteTeam "Barbados"]
[BlackTeam "Nicaragua"]
[WhiteTeamCountry "BAR"]
[BlackTeamCountry "NCA"]

1. e4 c5 2. Nc3 Nc6 3. Bb5 Na5 4. Nf3 a6 5. Be2 b5 6. O-O Bb7 7. d3 e6 8. Bf4
d6 9. Qd2 Nc6 10. a4 b4 11. Nd1 Nf6 12. Ne3 Be7 13. h3 O-O 14. e5 dxe5 15. Nxe5
Nd4 16. N5c4 Nd5 17. Bg3 Bg5 18. Rfe1 Nf5 19. Bh2 Ndxe3 20. Nxe3 Nxe3 21. fxe3
Qd4 22. exd4 Bxd2 23. Bd6 Bxe1 24. Bxf8 Kxf8 25. Rxe1 cxd4 26. Kf2 Rc8 27. Bd1
Ke7 28. Re5 f5 29. g3 Kd6 30. Re1 e5 31. Re2 e4 32. dxe4 fxe4 33. Ke1 b3 34.
cxb3 e3 35. Rc2 d3 36. Rxc8 Bxc8 37. Bf3 Ke5 38. h4 a5 39. Bc6 Bg4 40. Bb5 d2+
41. Kf1 d1=Q+ 42. Kg2 Qf3+ 43. Kh2 Qf2+ 0-1

[Event "2021 FIDE Online Olympiad"]
[Site "Chess.com"]
[Date "2021.08.28"]
[Round "5.3"]
[White "Alvarez Gutierrez, Patricia"]
[Black "Figueroa, Julissa"]
[Result "1-0"]
[WhiteElo "1348"]
[BlackElo "1701"]
[PlyCount "47"]
[EventDate "2021.08.27"]
[EventType "team"]
[EventRounds "9"]
[SourceVersionDate "2018.05.14"]
[WhiteTeam "Nicaragua"]
[BlackTeam "Barbados"]
[WhiteTeamCountry "NCA"]
[BlackTeamCountry "BAR"]

1. e4 c5 2. d4 cxd4 3. c3 dxc3 4. Nxc3 Nc6 5. Nf3 e6 6. Bc4 Bb4 7. O-O a6 8.
Qe2 Nge7 9. Rd1 O-O 10. e5 Ng6 11. Bg5 Qa5 12. a3 Bxc3 13. bxc3 Ngxe5 14. Nxe5
Nxe5 15. Be7 Re8 16. Bb4 Qc7 17. Ba2 d5 18. c4 Nxc4 19. Rac1 b5 20. Bb1 Qe5 21.
Qg4 h5 22. Qh4 Qf6 23. Qxh5 Bb7 24. Qh7# 1-0

[Event "2021 FIDE Online Olympiad"]
[Site "Chess.com"]
[Date "2021.08.28"]
[Round "5.4"]
[White "Wilson, Hannah"]
[Black "Narvaez Talavera, Joanie Ellen"]
[Result "1-0"]
[WhiteElo "1164"]
[BlackElo "1743"]
[PlyCount "95"]
[EventDate "2021.08.27"]
[EventType "team"]
[EventRounds "9"]
[SourceVersionDate "2018.05.14"]
[WhiteTeam "Barbados"]
[BlackTeam "Nicaragua"]
[WhiteTeamCountry "BAR"]
[BlackTeamCountry "NCA"]

1. e4 c6 2. d4 d5 3. exd5 cxd5 4. Bd3 Nc6 5. Nf3 Bg4 6. c3 Nf6 7. O-O e6 8. Bg5
Be7 9. Nbd2 O-O 10. Qc2 h6 11. Bh4 Bxf3 12. Nxf3 Rc8 13. Qd2 a6 14. Rac1 b5 15.
Bb1 Nh5 16. Qd3 g6 17. Bxe7 Qxe7 18. Qe3 Kg7 19. h3 Na5 20. b3 Nb7 21. Ne5 Nd6
22. Ng4 Qg5 23. f4 Qd8 24. f5 Qg5 25. Qe5+ Kh7 26. fxg6+ fxg6 27. Qxd6 Nf4 28.
Qe5 Qxe5 29. Nxe5 Ne2+ 30. Kh2 Nxc1 31. Rxc1 Rf2 32. Nxg6 Kg7 33. Nh4 b4 34. c4
Rf4 35. Nf3 dxc4 36. bxc4 a5 37. c5 a4 38. Bc2 Ra8 39. c6 Rff8 40. Bd1 Rfc8 41.
Ne5 Ra6 42. Rc4 b3 43. axb3 a3 44. Rc1 a2 45. Ra1 Rc7 46. b4 Ra3 47. b5 Ra8 48.
b6 1-0

[Event "2021 FIDE Online Olympiad"]
[Site "Chess.com"]
[Date "2021.08.28"]
[Round "5.5"]
[White "Espinoza Solano, Jose Nahum"]
[Black "Wilson, Louis"]
[Result "1-0"]
[WhiteElo "1915"]
[BlackElo "1143"]
[PlyCount "59"]
[EventDate "2021.08.27"]
[EventType "team"]
[EventRounds "9"]
[SourceVersionDate "2018.05.14"]
[WhiteTeam "Nicaragua"]
[BlackTeam "Barbados"]
[WhiteTeamCountry "NCA"]
[BlackTeamCountry "BAR"]

1. e4 c5 2. Nf3 g6 3. d4 cxd4 4. Nxd4 Nc6 5. Be3 Bg7 6. Nc3 Nf6 7. Bc4 O-O 8.
Bb3 d6 9. f3 Bd7 10. Qd2 Rc8 11. O-O-O Nxd4 12. Bxd4 b5 13. h4 a5 14. a3 b4 15.
axb4 axb4 16. Nd5 Ra8 17. Nxf6+ exf6 18. Qxb4 Bh6+ 19. Kb1 Be6 20. Bxe6 fxe6
21. h5 Bf4 22. hxg6 h6 23. Qb7 Ra1+ 24. Kxa1 Qa8+ 25. Qxa8 Rxa8+ 26. Kb1 Kg7
27. Bc3 Kxg6 28. Bd2 Bg5 29. Bxg5 fxg5 30. Rxd6 1-0

[Event "2021 FIDE Online Olympiad"]
[Site "Chess.com"]
[Date "2021.08.28"]
[Round "5.6"]
[White "Moore, Gaybrianna"]
[Black "Cabezas Calero, Abigail Carolina"]
[Result "0-1"]
[WhiteElo "1321"]
[BlackElo "1382"]
[PlyCount "54"]
[EventDate "2021.08.27"]
[EventType "team"]
[EventRounds "9"]
[SourceVersionDate "2018.05.14"]
[WhiteTeam "Barbados"]
[BlackTeam "Nicaragua"]
[WhiteTeamCountry "BAR"]
[BlackTeamCountry "NCA"]

1. d4 d5 2. Bf4 Nc6 3. e3 Bf5 4. c4 e6 5. Nc3 Bb4 6. Qb3 Qe7 7. Nf3 Nf6 8. Be2
O-O 9. O-O Na5 10. Qa4 Nxc4 11. Bxc4 dxc4 12. a3 Bxc3 13. bxc3 Bd3 14. Rfd1 Nd5
15. Rac1 Nxf4 16. exf4 Qf6 17. Ne5 Qxf4 18. Nxc4 Be2 19. Re1 Qg5 20. Ne3 Bf3
21. Kh1 Bc6 22. Qd1 f5 23. f3 Rf6 24. Nc4 Rh6 25. Ne5 Bd5 26. Qa4 Qf4 27. Rc2
Qxh2# 0-1

[Event "2021 FIDE Online Olympiad"]
[Site "Chess.com"]
[Date "2021.08.28"]
[Round "5.1"]
[White "Khoa, Goodwill"]
[Black "Smith, Shreyas"]
[Result "0-1"]
[WhiteElo "1846"]
[BlackElo "2091"]
[PlyCount "92"]
[EventDate "2021.08.27"]
[EventType "team"]
[EventRounds "9"]
[SourceVersionDate "2018.05.14"]
[WhiteTeam "Namibia"]
[BlackTeam "Jamaica"]
[WhiteTeamCountry "NAM"]
[BlackTeamCountry "JAM"]

1. Nf3 Nf6 2. c4 e6 3. Nc3 d5 4. cxd5 exd5 5. d4 a6 6. g3 Bd6 7. Bg2 O-O 8. O-O
c6 9. Bg5 Bf5 10. Ne5 h6 11. Bxf6 Qxf6 12. f4 Qe6 13. e4 dxe4 14. Nxe4 Rd8 15.
Nxd6 Qxd6 16. Qb3 Qc7 17. Rfd1 Be6 18. Qc3 Bd5 19. Rac1 Bxg2 20. Kxg2 Rd5 21.
Qb3 Rb5 22. Qc3 Qd8 23. a4 Rd5 24. Qb4 Ra7 25. Nf3 Nd7 26. Re1 Nf6 27. Re2 Qa5
28. Qe7 Rd7 29. Qc5 Qxc5 30. dxc5 Ra8 31. Rce1 Kf8 32. Re5 Rad8 33. R1e2 Nd5
34. h3 a5 35. R5e4 Nb4 36. Ne5 Rd5 37. Rc4 Re8 38. Kf3 Kg8 39. Re3 f6 40. Ng4
Rxe3+ 41. Nxe3 Rd2 42. Nf5 Rxb2 43. Nd6 Nd5 44. Re4 Rb4 45. Re8+ Kh7 46. f5 g6
0-1

[Event "2021 FIDE Online Olympiad"]
[Site "Chess.com"]
[Date "2021.08.28"]
[Round "5.2"]
[White "Christie, Joshua"]
[Black "Schwarz, Bernhard"]
[Result "1-0"]
[WhiteElo "1915"]
[BlackElo "1588"]
[PlyCount "55"]
[EventDate "2021.08.27"]
[EventType "team"]
[EventRounds "9"]
[SourceVersionDate "2018.05.14"]
[WhiteTeam "Jamaica"]
[BlackTeam "Namibia"]
[WhiteTeamCountry "JAM"]
[BlackTeamCountry "NAM"]

1. d4 e6 2. c4 d5 3. Nc3 Bb4 4. Nf3 dxc4 5. e4 b5 6. a4 c6 7. Be2 a5 8. O-O Bb7
9. Qc2 Nf6 10. Bg5 h6 11. Bh4 g5 12. Bg3 Bxc3 13. bxc3 Nbd7 14. Ne5 c5 15. Nxd7
Qxd7 16. Be5 Bxe4 17. Qd2 Ke7 18. f4 g4 19. axb5 Bd5 20. dxc5 Ne4 21. Qe3 Rhg8
22. c6 Qa7 23. Bd4 Qc7 24. f5 h5 25. fxe6 fxe6 26. Qh6 e5 27. Qh7+ Kd6 28.
Bxe5+ 1-0

[Event "2021 FIDE Online Olympiad"]
[Site "Chess.com"]
[Date "2021.08.28"]
[Round "5.3"]
[White "Horn, Lure"]
[Black "Miller, Rachel"]
[Result "0-1"]
[WhiteElo "1066"]
[BlackElo "2004"]
[PlyCount "102"]
[EventDate "2021.08.27"]
[EventType "team"]
[EventRounds "9"]
[SourceVersionDate "2018.05.14"]
[WhiteTeam "Namibia"]
[BlackTeam "Jamaica"]
[WhiteTeamCountry "NAM"]
[BlackTeamCountry "JAM"]

1. e4 e5 2. Nf3 Nc6 3. Bc4 Bc5 4. c3 Nf6 5. d4 exd4 6. cxd4 Bb4+ 7. Bd2 Bxd2+
8. Nbxd2 d5 9. exd5 Nxd5 10. O-O O-O 11. Qc2 Ncb4 12. Qb3 Bf5 13. a3 Bc2 14.
Qxb4 Nxb4 15. axb4 c6 16. b5 cxb5 17. Bxb5 Qb6 18. Rac1 Qxb5 19. Rxc2 Rac8 20.
Rfc1 Rxc2 21. Rxc2 h6 22. h3 Rd8 23. Nc4 Qa4 24. Rc3 b5 25. Nce5 Qa1+ 26. Kh2
Qxb2 27. Re3 Qxf2 28. Ng4 Qc2 29. Re7 f6 30. Rxa7 b4 31. Ne3 Qc8 32. Ra1 b3 33.
Rb1 Qc3 34. Nd1 Qc2 35. Ra1 b2 36. Nxb2 Qxb2 37. Rd1 Qc2 38. Rd2 Qe4 39. d5
Rxd5 40. Rxd5 Qxd5 41. Nh4 g5 42. Ng6 Kf7 43. Nh8+ Kg7 44. Nf7 Kxf7 45. h4 gxh4
46. Kh3 Qg5 47. Kh2 Qg3+ 48. Kg1 h3 49. Kf1 Qxg2+ 50. Ke1 h2 51. Kd1 h1=Q# 0-1

[Event "2021 FIDE Online Olympiad"]
[Site "Chess.com"]
[Date "2021.08.28"]
[Round "5.4"]
[White "Curwin, Nickaylah"]
[Black "Niilenge, Maria"]
[Result "0-1"]
[WhiteElo "1422"]
[BlackElo "1231"]
[PlyCount "96"]
[EventDate "2021.08.27"]
[EventType "team"]
[EventRounds "9"]
[SourceVersionDate "2018.05.14"]
[WhiteTeam "Jamaica"]
[BlackTeam "Namibia"]
[WhiteTeamCountry "JAM"]
[BlackTeamCountry "NAM"]

1. d4 d5 2. Bf4 Nf6 3. e3 Nc6 4. Nf3 Bg4 5. Nbd2 e6 6. c3 Be7 7. Bd3 a6 8. O-O
O-O 9. Qc2 Qd7 10. Ne5 Nxe5 11. dxe5 Ne4 12. Nxe4 dxe4 13. Bxe4 Bf5 14. Rfd1
Qc8 15. Bxf5 exf5 16. Rd2 Qe6 17. c4 Rad8 18. Rad1 h6 19. Bg3 Rxd2 20. Rxd2 Bg5
21. f4 Be7 22. Bf2 Rd8 23. Rxd8+ Bxd8 24. Qd3 Be7 25. a3 b6 26. Qd5 Qxd5 27.
cxd5 Kf8 28. Kf1 Ke8 29. Ke2 Kd7 30. Kd3 Bc5 31. b4 Be7 32. e4 fxe4+ 33. Kxe4
g6 34. g4 a5 35. Be1 axb4 36. axb4 Kc8 37. f5 gxf5+ 38. gxf5 Bg5 39. Bc3 Kd7
40. e6+ fxe6 41. fxe6+ Ke7 42. Be5 Kd8 43. Kf5 Kc8 44. Bf6 Bd2 45. e7 Kd7 46.
b5 Ke8 47. Ke6 Be3 48. d6 cxd6 0-1

[Event "2021 FIDE Online Olympiad"]
[Site "Chess.com"]
[Date "2021.08.28"]
[Round "5.5"]
[White "Gaoseb, Manfredo"]
[Black "Glaves, Raheem"]
[Result "0-1"]
[WhiteElo "1647"]
[BlackElo "1983"]
[PlyCount "96"]
[EventDate "2021.08.27"]
[EventType "team"]
[EventRounds "9"]
[SourceVersionDate "2018.05.14"]
[WhiteTeam "Namibia"]
[BlackTeam "Jamaica"]
[WhiteTeamCountry "NAM"]
[BlackTeamCountry "JAM"]

1. e4 c6 2. d4 d5 3. exd5 cxd5 4. Nf3 Nf6 5. Bb5+ Bd7 6. Bxd7+ Nbxd7 7. O-O e6
8. c3 Be7 9. Nbd2 O-O 10. Re1 a6 11. Nf1 Rc8 12. Ng3 b5 13. Bd2 Nb6 14. Ne5 Nc4
15. Nxc4 bxc4 16. Qe2 Qb6 17. Bg5 Rfe8 18. Rab1 Rb8 19. Qd2 h6 20. Be3 Ng4 21.
Bf4 Bd6 22. Bxd6 Qxd6 23. h3 Nf6 24. b4 cxb3 25. axb3 Rec8 26. Rec1 Rb6 27. Rb2
Rbc6 28. Rbc2 Qb8 29. Rb1 Qb5 30. f3 a5 31. Rcb2 Rxc3 32. Ne2 R3c6 33. Ra2 Qb4
34. Qxb4 axb4 35. Rbb2 Ne8 36. Ra7 Nd6 37. Rba2 Rb6 38. Rd7 Nb5 39. Ra4 Nc3 40.
Nxc3 bxc3 41. Raa7 c2 42. Rxf7 c1=Q+ 43. Kh2 Qg5 44. f4 Qg6 45. Rfe7 Rc2 46.
Ra8+ Kh7 47. Rxg7+ Qxg7 48. Rh8+ Kxh8 0-1

[Event "2021 FIDE Online Olympiad"]
[Site "Chess.com"]
[Date "2021.08.28"]
[Round "5.6"]
[White "Brown, Raehanna"]
[Black "Beukes, Jamie-Nicole"]
[Result "1-0"]
[WhiteElo "1540"]
[BlackElo "1128"]
[PlyCount "79"]
[EventDate "2021.08.27"]
[EventType "team"]
[EventRounds "9"]
[SourceVersionDate "2018.05.14"]
[WhiteTeam "Jamaica"]
[BlackTeam "Namibia"]
[WhiteTeamCountry "JAM"]
[BlackTeamCountry "NAM"]

1. c4 e5 2. Nc3 c6 3. e4 Nf6 4. Nf3 d5 5. cxd5 cxd5 6. exd5 Nxd5 7. Nxe5 Nxc3
8. bxc3 Qe7 9. Qe2 g6 10. Nf3 Nc6 11. d4 Be6 12. Bg5 Qd7 13. Ne5 Qd5 14. Bf6
Rg8 15. Qd2 Bg7 16. Bxg7 Rxg7 17. Nxc6 Qxc6 18. a4 Rc8 19. Bb5 Qxb5 20. axb5
Ra8 21. d5 Bd7 22. Qd4 Rg8 23. Rxa7 Rb8 24. Qe5+ Kf8 25. Qxb8+ Kg7 26. Qxb7 Be8
27. O-O Rf8 28. Re1 Bxb5 29. Qxb5 Kf6 30. Qc5 Kg7 31. Qd4+ Kg8 32. f4 h6 33. f5
Kh7 34. fxg6+ Kxg6 35. Qg4+ Kh7 36. Qf5+ Kg7 37. Re4 Kg8 38. Rg4+ Kh8 39. Qf6+
Kh7 40. Qg7# 1-0

[Event "2021 FIDE Online Olympiad"]
[Site "Chess.com"]
[Date "2021.08.28"]
[Round "5.1"]
[White "Martinez Reyes, Pedro Ramon"]
[Black "Cardenas Carbajal, Nilson"]
[Result "1-0"]
[WhiteElo "2319"]
[BlackElo "2074"]
[PlyCount "43"]
[EventDate "2021.08.27"]
[EventType "team"]
[EventRounds "9"]
[SourceVersionDate "2018.05.14"]
[WhiteTeam "Venezuela"]
[BlackTeam "Honduras"]
[WhiteTeamCountry "VEN"]
[BlackTeamCountry "HON"]

1. e4 c5 2. c3 d5 3. exd5 Nf6 4. Nf3 g6 5. d4 cxd4 6. Qxd4 Qxd5 7. Na3 a6 8.
Nc4 Nc6 9. Qe3 Qd8 10. Be2 Bg7 11. O-O O-O 12. Rd1 Qc7 13. Qb6 Qxb6 14. Nxb6
Rb8 15. Bf4 Be6 16. Bxb8 Rxb8 17. Nd4 Nxd4 18. Rxd4 Ne8 19. Rd2 Nd6 20. Bf3 Bh6
21. Re2 Kf8 22. Rxe6 1-0

[Event "2021 FIDE Online Olympiad"]
[Site "Chess.com"]
[Date "2021.08.28"]
[Round "5.2"]
[White "Rodriguez Ulloa, Josue"]
[Black "Vivas Zamora, Fabian Ernesto"]
[Result "0-1"]
[WhiteElo "1707"]
[BlackElo "2091"]
[PlyCount "120"]
[EventDate "2021.08.27"]
[EventType "team"]
[EventRounds "9"]
[SourceVersionDate "2018.05.14"]
[WhiteTeam "Honduras"]
[BlackTeam "Venezuela"]
[WhiteTeamCountry "HON"]
[BlackTeamCountry "VEN"]

1. e4 e5 2. Nf3 Nc6 3. Bb5 f5 4. d3 fxe4 5. dxe4 Nf6 6. Nc3 Bb4 7. Bg5 Bxc3+ 8.
bxc3 d6 9. h3 O-O 10. O-O Qe8 11. Re1 Qg6 12. Kh1 Kh8 13. Qd3 Nd8 14. Qe3 Ne6
15. Bd3 Nh5 16. Be7 Rf7 17. Nh4 Qh6 18. Qxh6 gxh6 19. Nf5 Nef4 20. Bh4 Bxf5 21.
exf5 Nxd3 22. cxd3 Nf4 23. d4 Rxf5 24. dxe5 Nd3 25. Re2 Nxe5 26. Rb1 b6 27. a4
Ng6 28. Bg3 h5 29. f3 Kg7 30. Bf2 Kf7 31. Re4 d5 32. Rd4 Re8 33. Rd2 a5 34. Rb5
Ke6 35. c4 dxc4 36. Re2+ Kd7 37. Rd2+ Ke6 38. Re2+ Re5 39. Rbxe5+ Nxe5 40. f4
Kd5 41. fxe5 Rxe5 42. Rd2+ Ke6 43. Rc2 Re4 44. Bg3 Kd7 45. Rd2+ Kc6 46. Rc2 h4
47. Bf2 b5 48. axb5+ Kxb5 49. Kg1 Kb4 50. Kf1 Kb3 51. Rc1 c3 52. Be1 c2 53. Bd2
a4 54. Bh6 Kb2 55. Kf2 a3 56. Rf1 c5 57. Bg7+ Rd4 58. Bh6 Rd1 59. Bg7+ Kb1 60.
Bh6 a2 0-1

[Event "2021 FIDE Online Olympiad"]
[Site "Chess.com"]
[Date "2021.08.28"]
[Round "5.3"]
[White "Varela La Madrid, Tilsia Carolina"]
[Black "Torres Hernandez, Leslie Carolin"]
[Result "1-0"]
[WhiteElo "2033"]
[BlackElo "1861"]
[PlyCount "59"]
[EventDate "2021.08.27"]
[EventType "team"]
[EventRounds "9"]
[SourceVersionDate "2018.05.14"]
[WhiteTeam "Venezuela"]
[BlackTeam "Honduras"]
[WhiteTeamCountry "VEN"]
[BlackTeamCountry "HON"]

1. e4 e5 2. Nf3 d6 3. Bc4 Be7 4. Nc3 Nf6 5. d4 exd4 6. Nxd4 O-O 7. O-O c6 8.
Bb3 Nbd7 9. Nf5 Nc5 10. Nxe7+ Qxe7 11. f3 Nxb3 12. axb3 Be6 13. Bg5 h6 14. Bh4
Rfd8 15. Qe2 g5 16. Bg3 Nh5 17. Qf2 b6 18. Rfd1 Nf6 19. Ne2 d5 20. e5 Nd7 21.
Nd4 Rdc8 22. f4 Bg4 23. Re1 c5 24. Nb5 Nf8 25. f5 Qd7 26. Nd6 Rc6 27. h3 Rxd6
28. exd6 Bxf5 29. Re7 Qc8 30. Rf1 1-0

[Event "2021 FIDE Online Olympiad"]
[Site "Chess.com"]
[Date "2021.08.28"]
[Round "5.4"]
[White "Caballero Sanabria, Margie"]
[Black "Patino Garcia, Corals"]
[Result "0-1"]
[WhiteElo "1409"]
[BlackElo "1799"]
[PlyCount "42"]
[EventDate "2021.08.27"]
[EventType "team"]
[EventRounds "9"]
[SourceVersionDate "2018.05.14"]
[WhiteTeam "Honduras"]
[BlackTeam "Venezuela"]
[WhiteTeamCountry "HON"]
[BlackTeamCountry "VEN"]

1. e4 e5 2. Nf3 Nc6 3. d4 exd4 4. Bc4 Nf6 5. e5 d5 6. Bb5 Ne4 7. Nxd4 Bd7 8.
Bxc6 bxc6 9. Nxc6 Bxc6 10. O-O Bc5 11. Qf3 O-O 12. Be3 Bxe3 13. Qxe3 Re8 14. f3
Ng5 15. Qd4 Qe7 16. Re1 Bb7 17. Nc3 c5 18. Qf4 Rad8 19. Rad1 d4 20. Nb5 Bxf3
21. gxf3 Nh3+ 0-1

[Event "2021 FIDE Online Olympiad"]
[Site "Chess.com"]
[Date "2021.08.28"]
[Round "5.5"]
[White "Escalona Landi, Samid Eduardo"]
[Black "Chahin Godoy, Angel Eduardo"]
[Result "1-0"]
[WhiteElo "2177"]
[BlackElo "1342"]
[PlyCount "69"]
[EventDate "2021.08.27"]
[EventType "team"]
[EventRounds "9"]
[SourceVersionDate "2018.05.14"]
[WhiteTeam "Venezuela"]
[BlackTeam "Honduras"]
[WhiteTeamCountry "VEN"]
[BlackTeamCountry "HON"]

1. e4 e6 2. d4 d5 3. Nc3 Nf6 4. e5 Nfd7 5. Nce2 c5 6. c3 Nc6 7. Nf3 a6 8. a3 b5
9. Nf4 Bb7 10. h4 Be7 11. Ng5 Qb6 12. Be3 cxd4 13. cxd4 h6 14. Qh5 Bxg5 15.
hxg5 O-O-O 16. g6 Qa5+ 17. b4 Qa4 18. Qd1 fxg6 19. Qxa4 bxa4 20. Nxe6 Rde8 21.
Nf4 g5 22. Ng6 Rhg8 23. Rc1 Re6 24. Bd3 Kd8 25. f4 gxf4 26. Nxf4 Ree8 27. Bg6
Re7 28. Nxd5 Re6 29. Nf4 Re7 30. Nd5 Re6 31. Bf7 Rge8 32. Bxe6 Rxe6 33. Nf4 Re8
34. O-O Nb6 35. d5 1-0